Представление документа в формате MARC21

Поле Инд. ПП Название Значение
Тип записи a
Библиографический уровень b
001 Контрольный номер RU/IS/BASE/260027366
005 Дата корректировки 20200610181754.0
008 Кодируемые данные 20080328
040 b Код языка каталог. rus
e Правила каталог. PSBO
041 0_ a Код языка текста rus
084 a Индекс другой классификации/Индекс ББК 63.3(2)512-7; 63.1(2)51
100 1_ a Автор Буторина Т. С.
q Полное имя Буторина Татьяна Сергеевна
245 10 a Заглавие Гражданская направленность просветительских идей В. В. Крестинина
504 a Библиография Библиогр.: 10 назв.
600 a Персоналии Крестинин Василий Васильевич
650 a Основная рубрика историография (история исторической науки)
a Основная рубрика история
653 a Ключевые слова XVIII век
a Ключевые слова Архангельск
a Ключевые слова исторические общества
a Ключевые слова история культуры
a Ключевые слова Общество любителей местной истории
a Ключевые слова просветительные общества
a Ключевые слова просветительство
a Ключевые слова Россия
a Ключевые слова Русский Север
700 1_ a Автор Смягликова Е. А.
q Полное имя Смягликова Елена Альбертовна
773 08 t Заглавие источника Высшее образование сегодня
d Дата издания источника 2007
g Прочая информация № 6. - С. 89 - 92
w Контрольный № источника RU/IS/BASE/247755150
901 t Тип документа b